| 000 | 00708nam a2200265Ia 4500 | ||
|---|---|---|---|
| 003 | OSt | ||
| 005 | 20221005040004.0 | ||
| 006 | a|||||r|||| 00| 0 | ||
| 007 | ta | ||
| 008 | 221004b |||||||| |||| 00| 0 eng d | ||
| 020 | _a8173040257 | ||
| 024 | _a17727 | ||
| 037 | _cTextual | ||
| 040 |
_aCRL _cCRL _beng |
||
| 041 |
_2eng _aeng |
||
| 082 | _aQ2:23v, N9 | ||
| 100 | _aBhattacharyya N.N. | ||
| 245 | 0 | _aHistory of the tantric religion | |
| 250 | _a2nd | ||
| 260 |
_aDelhi _bManohar Publishers & Distributors India _c1999 |
||
| 300 |
_a483p. Bibliographyp. 453-58 _ccm. |
||
| 650 | _aRELIGION | ||
| 942 |
_hQ2:23v, N9 _cTEXL _2cc |
||
| 999 |
_c946169 _d946169 |
||